000 00839nas a2200277 4500
001 BR2011000165
003 BR-BrBNA
005 20231205114351.0
007 ta
008 230509b bl.|||p| |||| 00| 00por d
040 _aBR-BrBNA
_bpor
_cBiblioteca Nacional de Agricultura
041 _a(Pt)
072 _aF04
100 1 _aOliveira Júnior, A. de
100 1 _aProchnow, L.I.
100 1 _aKlepker, D.
245 1 _aEficiência agronômica de fosfato natural reativo na cultura de soja
650 _aSOJA
650 _aFERTILIZANTE FOSFATADO
650 _aADUBAÇÃO
650 _aPRODUTIVIDADE
650 _aMODELO MATEMÁTICO
773 0 _tPesquisa Agropecuária Brasileira (Brazil)
_xISSN 0100-204X
_g(May 2008), v. 43(5) p. 623-631
_wBR2011000165
909 _a202311
_bLúcia
_c55
_dLúcia Elande
942 _2AGRIS
_n0
_cANA
999 _c208451
_d208451